000 01086nam a22002777i 4500
999 _c22950
_d22950
003 AR-CdUCM
008 240801b pe ||||| |||| 00| 0 spa d
020 _a978-612-00-8495-3
040 _aMUNICIPALIDAD PROVINCIAL DEL CUSCO
_cBIBLIOTECA MUNICIPAL DEL CUSCO
041 _hspa
082 _a869.51 / C12A
_bC12A
100 _aCabrera Solaligue, Vignart Edson
_950095
245 _aAriotake /
_cCabrera Solaligue, Vignart Edson
260 _aArequipa :
_bCerafina Condori Ccahua,
_c2024.
300 _a153 páginas. :
_c21 cm.
505 _aA orillas del río Chuyapi -- El romano -- Lluvia -- La balada del cafetero -- Carta de un adiós -- Una rosa -- La visita -- El paciente -- Kepashiato -- Asesinato -- Rosalía y el fuego -- Crónica de una enfermedad.
650 _aA orillas del río Chuyapi
_950096
650 _aEl romano
_950097
650 _aLluvia
_950098
650 _aLa balada del cafetero
_950099
650 _aCarta de un adiós
_950100
650 _aUna rosa
_950101
650 _aLa visita
_950102
942 _2ddc
_cLIBROS
945 _apbj
_d2024-08-01